Devine la série en 3 mots #1 - Statistiques

Statistiques générales
  • Ce quiz a été pris 443 fois
  • Le résultat moyen est 7 sur 10
Statistiques - réponses
3 mots Série % Correct
Trône, Trahison, Dragons Game of Thrones
88%
Braquage, Masques, Résistance La Casa de Papel
87%
Chimie, Drogue, Transformation Breaking Bad
85%
Zombies, Survivants, Apocalypse The Walking Dead
85%
Détective, Londres, Mystères Sherlock
72%
Bureau, Humour, Quotidien The Office
64%
Guerriers, Batailles, Odin Vikings
57%
Amitié, Amour, Humour Friends
56%
Royauté, Histoire, Politique The Crown
52%
Monstre, Amitié, Mystère Stranger Things
48%
Aucun quiz correspondant
Distribution des résultats
% des personnes avec chaque résultat
Percentile par nombre de réponses
Votre historique - résultats
Vous n’avez pas pris ce quiz